| 000 | 00825 a2200217 4500 | ||
|---|---|---|---|
| 999 |
_c11379 _d11379 |
||
| 020 | _a9780199699476 | ||
| 050 | 0 | 0 |
_aRD 31 _bCLI 2013 |
| 245 | 0 | 0 |
_aOxford Handbook Of Clinical surgery / _c[edited by] Greg McLatchie, Neil Borley,Joanna Chikwe |
| 264 |
_aNew York : _bOxford University Press, _c2013 |
||
| 300 |
_a794 pages _billustrations |
||
| 336 |
_2rdamedia _atext _btxt |
||
| 337 |
_2rdamedia _aunmediated _bn |
||
| 338 |
_2rdacarrier _avolume _bnc |
||
| 504 | _aIncludes bibliographical references and index. | ||
| 650 | 0 | _aSurgery. | |
| 650 | 1 | 2 | _aSurgery, Operative. |
| 700 | 1 |
_aBorley, Neil _eeditor |
|
| 700 | 1 |
_aChikwe,Joanna _eauthor |
|
| 942 |
_2lcc _cBK _h31 _iCLI _kRD |
||